000 00490cam a2200193ua 4500
001 6529
008 131217n ii |||gr||||Z||||||eng
020 _a81-7194-035-8
040 _cMAIN
082 _a336.24
245 _aIncome tax act
_cBy U.K. Bhargava
260 _aDelhi:
_bTaxmann publications (p.) ltd.,
_c1992.
300 _ax,2.64p.
653 _aCommerce
653 _aIncome tax act
700 _aBhargava,U.K.,
_eAuthor.,
700 1 _aBhargava,Rakesh,
_eAuthor.
942 _cBK
999 _c5678
_d5678